000 00375nam a2200145Ia 4500
008 210210b1980 xxu||||| |||| 00| 0 eng d
082 _a954 MAHH
100 _aMAHAJAN (V D).
245 _aHistory of India Part-2. (medieval India). Ed 1.
250 _a
260 _aNew Delhi.
_bS. Chand & Co. Ltd.
_c1980
300 _ax,406
690 _aIndian History
906 _a034489
999 _c85356
_d85356